| 000 | 01286nam a2200349 i 4500 | ||
|---|---|---|---|
| 001 | 13846 | ||
| 003 | KOSZ 005 | ||
| 005 | 20191106070422.0 | ||
| 008 | 960810s1967 pl f |000 0 pol d | ||
| 040 |
_cKOSZ 005/HR _aKOSZ 005/HR _dKOSZ 005/HR |
||
| 041 |
_apol _heng |
||
| 046 | _k1967 | ||
| 080 | _a536 | ||
| 100 | 1 |
_aBennett, Carroll O. _eAutor |
|
| 245 | 1 | 0 |
_aPrzenoszenie pędu, ciepła i masy / _cC.O. Bennett, J.E. Myers ; tł. z jęz. ang. Jan Bandrowski |
| 246 | 1 | 0 |
_iTyt. oryg.: _aMomentum, heat and mass transfer |
| 260 |
_aWarszawa : _bWydawnictwa Naukowo-Techniczne, _c1967. |
||
| 300 |
_aXiX, 667 s. : _bilustracje ; _c24 cm |
||
| 380 | _aKsiążki | ||
| 388 | _a1901- | ||
| 490 | 1 | _aInżynieria Chemiczna | |
| 504 | _aIndeks. | ||
| 521 | 8 | _a Dla inżynierów chemików i mechaników oraz studentów zajmujących się projektowaniem chemicznych | |
| 658 | _aFizyka i astronomia | ||
| 655 | 4 | _aPodręczniki akademickie | |
| 650 | 4 | _aTermodynamika | |
| 700 | 1 |
_aMyers, John Earle. _d(1923- ) |
|
| 710 | 2 |
_aWydawnictwa Naukowo-Techniczne _4pbl. |
|
| 856 |
_uhttp://koha.tu.koszalin.pl/cgi-bin/koha/opac-detail.pl?biblionumber=13846 _yKatalog online BPK |
||
| 830 | 0 | _aInżynieria Chemiczna | |
| 942 |
_cKS _2UKD |
||
| 999 |
_c13846 _d13846 |
||